ギリシャ文字クイズ - Statistics

General Stats
  • This quiz has been taken 438 times
  • The average score is 17 of 24
Answer Stats
Answer % Correct
Α.α(アルファ)
98%
Β.β(ベータ)
98%
Γ.γ(ガンマ)
94%
Ε.ε(イプシロン)
87%
Δ.δ(デルタ)
86%
Ω.ω(オメガ)
83%
Θ.θ(シータ)
78%
Ο.ο(オミクロン)
72%
Μ.μ(ミュー)
71%
Ζ.ζ(ゼータ)
69%
Π.π(パイ)
67%
Σ.σ(シグマ)
67%
Ν.ν(ニュー)
63%
Ι.ι(イオタ)
61%
Κ.κ(カッパ)
61%
Φ.φ(ファイ)
61%
Χ.χ(カイ)
60%
Λ.λ(ラムダ)
59%
Ψ.ψ(プサイ)
59%
Ξ.ξ(グザイ)
57%
Τ.τ(タウ)
57%
Η.η(エータ)
55%
Ρ.ρ(ロー)
55%
Υ.υ(ウプシロン)
49%
No matching quizzes found
Score Distribution
Percent of People with Each Score
Percentile by Number Answered
Your Score History
You have not taken this quiz